000 00704nam a2200205 a 4500
003 BD-JhCC
005 20240520180026.0
008 170925b20172018bg |||| ||a| 000 0 ben d
020 _a9789849283232
035 _a(BD-JhCC)
040 _aBD-JhCC
_cBD-JhCC
_dBD-JhCC
041 _aben
082 _a954.9205
_bHOS 2006
100 _a হোসেন, সেলিনা
245 _aবঙ্গবন্ধু ও বাংলাদেশম /
_cসেলিনা হোসেন
260 _aঢাকা :
_bমাওলা ব্রাদার্স;
_c২০১৮.
300 _a১২০ পৃ.
_c২১ সে.মি.
650 _aBaṅgabandhu Mujibara Rahamāna
942 _2ddc
_cBK
999 _c13981
_d13981